[Event "TCh-FRA Top 12 2018"]
[Site "Brest FRA"]
[Date "2018.06.01"]
[Round "7.4"]
[Board "8"]
[White "Guichard, Pauline"]
[Black "Duquesne, Adrien"]
[Result "1-0"]
[WhiteTitle "WGM"]
[WhiteElo "2303"]
[BlackElo "2188"]
[WhiteTeam "CLICHY Echecs 92"]
[BlackTeam "Evry Grand Roque"]
[WhiteFideId "639370"]
[BlackFideId "20650582"]
[EventDate "2018.05.26"]

1. d4 d5 2. Bf4 Nf6 3. e3 c5 4. Nf3 Nc6 5. Nbd2 Qb6 6. dxc5 Qxb2 7. Rb1 Qc3 8.
Bb5 e6 9. O-O Be7 10. Nd4 Bd7 11. N2b3 O-O 12. Bd3 a6 13. a3 Ne4 14. Ne2 Qf6 15.
Bxe4 dxe4 16. Qxd7 Rfd8 17. Qxb7 e5 18. Bg5 1-0

[Event "TCh-FRA Top 12 2018"]
[Site "Brest FRA"]
[Date "2018.06.01"]
[Round "7.5"]
[Board "1"]
[White "Solodovnichenko, Yuri"]
[Black "Riazantsev, Alexander"]
[Result "1/2-1/2"]
[WhiteTitle "GM"]
[BlackTitle "GM"]
[WhiteElo "2531"]
[BlackElo "2662"]
[WhiteTeam "VANDOEUVRE-Echecs"]
[BlackTeam "Metz Fischer"]
[WhiteFideId "14104369"]
[BlackFideId "4125029"]
[EventDate "2018.05.26"]

1. e4 c6 2. Nc3 d5 3. Nf3 dxe4 4. Nxe4 Nf6 5. Qe2 Bf5 6. Nxf6+ gxf6 7. d3 Nd7 8.
g3 Ne5 9. Nxe5 Qa5+ 10. Bd2 Qxe5 11. Qxe5 fxe5 12. Bg2 f6 13. b4 a6 14. a4 Kf7
15. O-O Rc8 16. Rfb1 Bg7 17. Rb2 Be6 18. b5 axb5 19. axb5 cxb5 20. Bxb7 Rc7 21.
Bf3 Rhc8 22. Rc1 Kg6 23. h4 h5 24. Kg2 Bd7 25. Kf1 Ra7 26. Be3 Bh6 27. Ke2 Bxe3
28. Kxe3 Rc5 29. Kd2 Be6 30. Rcb1 Ra5 31. Rb4 Ra2 32. Bd1 Bd7 33. R1b2 Ra1 34.
Rb1 Ra2 35. R1b2 Ra1 36. c3 Rc7 37. Rb1 Ra3 38. R4b3 Ra2+ 39. R1b2 Ra1 40. Rb1
Ra2+ 41. Bc2 Kg7 42. R1b2 Ra1 43. Bb1 Ra6 44. Bc2 Ra1 45. Bd1 Kg6 46. Rb1 Ra2+
47. R1b2 Ra1 1/2-1/2

[Event "TCh-FRA Top 12 2018"]
[Site "Brest FRA"]
[Date "2018.06.01"]
[Round "7.5"]
[Board "2"]
[White "Balogh, Csaba"]
[Black "Cossin, Sebastien"]
[Result "1-0"]
[WhiteTitle "GM"]
[BlackTitle "IM"]
[WhiteElo "2628"]
[BlackElo "2498"]
[WhiteTeam "Metz Fischer"]
[BlackTeam "VANDOEUVRE-Echecs"]
[WhiteFideId "718939"]
[BlackFideId "618802"]
[EventDate "2018.05.26"]

1. e4 c5 2. Nf3 d6 3. d4 cxd4 4. Nxd4 Nf6 5. Nc3 a6 6. g3 g6 7. Bg2 Bg7 8. O-O
O-O 9. h3 Nc6 10. Be3 Rb8 11. a4 Nd7 12. f4 Re8 13. Qd2 Nc5 14. Rad1 Qa5 15. b3
Nxd4 16. Bxd4 Bxd4+ 17. Qxd4 Ne6 18. Qd3 Nc7 19. f5 Qc5+ 20. Kh2 b5 21. Qf3 f6
22. axb5 axb5 23. Ne2 b4 24. Nf4 g5 25. Nd3 Qc3 26. h4 gxh4 27. Qg4+ Kh8 28. Rf3
Rg8 29. Qxh4 Rg5 30. Nf4 Qxc2 31. Rff1 Qxb3 32. Rc1 Ne8 33. Nd5 Ng7 34. Bf3 Qb2+
35. Kh3 Bxf5+ 36. exf5 Nxf5 37. Qf4 e5 38. Qxg5 fxg5 39. Rc7 Ng7 40. Bg2 e4 41.
Rff7 g4+ 42. Kh2 h5 43. Rf6 Qd2 44. Nf4 Rb5 45. Rf8+ Kh7 46. Ne6 Qb2 47. Rff7
Kg6 48. Rxg7+ Kf6 49. Nf4 Rc5 50. Rg6+ Kf5 51. Rf7+ Ke5 52. Re7+ Kd4 53. Rxe4+
Kc3 54. Rxd6 Qc2 55. Nd5+ Rxd5 56. Rc6+ 1-0

[Event "TCh-FRA Top 12 2018"]
[Site "Brest FRA"]
[Date "2018.06.01"]
[Round "7.5"]
[Board "3"]
[White "Donchenko, Alexander"]
[Black "Safarli, Eltaj"]
[Result "1-0"]
[WhiteTitle "GM"]
[BlackTitle "GM"]
[WhiteElo "2587"]
[BlackElo "2657"]
[WhiteTeam "VANDOEUVRE-Echecs"]
[BlackTeam "Metz Fischer"]
[WhiteFideId "24603295"]
[BlackFideId "13402129"]
[EventDate "2018.05.26"]

1. d4 Nf6 2. c4 e6 3. g3 d5 4. Bg2 Be7 5. Nf3 O-O 6. O-O dxc4 7. Ne5 Nd5 8. Nxc4
b5 9. Ncd2 Bb7 10. Nb3 a5 11. a4 b4 12. N1d2 Nd7 13. Qc2 Ra7 14. e4 N5f6 15. Re1
c5 16. Nxc5 Nxc5 17. dxc5 Ba6 18. Bf1 Bxf1 19. Kxf1 Ng4 20. h3 Ne5 21. Nb3 f5
22. Bf4 Nd3 23. Qc4 Nxe1 24. Rxe1 fxe4 25. Qxe6+ Kh8 26. c6 Qd3+ 27. Kg1 Rf6 28.
Qc8+ Rf8 29. Qe6 Rf6 30. Qxe4 Qxb3 31. c7 Rxc7 32. Bxc7 Qxb2 1-0

[Event "TCh-FRA Top 12 2018"]
[Site "Brest FRA"]
[Date "2018.06.01"]
[Round "7.5"]
[Board "4"]
[White "Feller, Sebastien"]
[Black "Bailet, Pierre"]
[Result "1/2-1/2"]
[WhiteTitle "GM"]
[BlackTitle "IM"]
[WhiteElo "2574"]
[BlackElo "2501"]
[WhiteTeam "Metz Fischer"]
[BlackTeam "VANDOEUVRE-Echecs"]
[WhiteFideId "634654"]
[BlackFideId "655830"]
[EventDate "2018.05.26"]

1. d4 d5 2. c4 c6 3. Nc3 Nf6 4. e3 Bf5 5. Qb3 Qb6 6. Qxb6 axb6 7. cxd5 Nxd5 8.
Nxd5 cxd5 9. Ne2 Nc6 10. Nc3 e6 11. Bb5 Bb4 12. Bd2 Ra5 13. Be2 Kd7 14. a3 Raa8
15. f3 Bg6 16. Kf2 Be7 17. Bb5 Rhc8 18. e4 Kd8 19. Be3 Na5 20. exd5 exd5 21.
Nxd5 Rc2+ 22. Kg3 Bd6+ 23. Bf4 Bxf4+ 24. Nxf4 Rxb2 25. a4 Rd2 26. d5 Kc7 27.
Rac1+ Kd6 28. Rc3 Rc2 29. Rxc2 Bxc2 30. Re1 Nb3 31. Be8 g5 32. Nh5 Bg6 33. Nf6
Nd4 34. h3 1/2-1/2

[Event "TCh-FRA Top 12 2018"]
[Site "Brest FRA"]
[Date "2018.06.01"]
[Round "7.5"]
[Board "5"]
[White "Savina, Anastasia"]
[Black "Koch, Jean-Rene"]
[Result "0-1"]
[WhiteTitle "IM"]
[BlackTitle "IM"]
[WhiteElo "2349"]
[BlackElo "2454"]
[WhiteTeam "VANDOEUVRE-Echecs"]
[BlackTeam "Metz Fischer"]
[WhiteFideId "4196872"]
[BlackFideId "600148"]
[EventDate "2018.05.26"]

1. d4 d5 2. c4 e6 3. Nc3 Bb4 4. a3 Bxc3+ 5. bxc3 Ne7 6. e3 O-O 7. a4 b6 8. cxd5
exd5 9. Ba3 Re8 10. Bd3 Ng6 11. Ne2 Qg5 12. O-O Bg4 13. Qc2 Nd7 14. f3 Bh3 15.
Rf2 Nh4 16. Nf4 Bf5 17. Bxf5 Nxf5 18. Nxd5 Nxe3 19. Nxe3 Qxe3 20. Bc1 Qe6 21. c4
c6 22. Bb2 Nf6 23. Kf1 Qd6 24. g3 h5 25. Rd1 h4 26. g4 h3 27. Qd3 Rad8 28. Ba3
Qd7 29. Bc1 c5 30. d5 Qxa4 31. Bg5 Rd6 32. Re2 Rxe2 33. Qxe2 Nh7 34. Bf4 Rd8 35.
Re1 Nf8 36. Kf2 b5 37. Qe7 Rd7 38. Qxc5 Qxc4 39. Qxc4 bxc4 40. d6 Ne6 41. Bg3
Kf8 42. Rc1 Ke8 43. Rxc4 Rb7 44. f4 Kd7 45. f5 Nd8 46. Be5 f6 47. Bf4 Nc6 48.
Rc3 Rb4 49. Kg3 a5 50. Bc1 a4 51. Kxh3 Rb3 52. Rxb3 axb3 53. Kh4 Kxd6 54. Ba3+
Kd5 55. Kh5 Ne5 56. h4 Ke4 57. g5 Kxf5 58. gxf6 Kxf6 59. Bb2 Kf5 60. Ba1 Nd7 61.
Bxg7 Nf6+ 0-1

[Event "TCh-FRA Top 12 2018"]
[Site "Brest FRA"]
[Date "2018.06.01"]
[Round "7.5"]
[Board "6"]
[White "Terrieux, Kevin"]
[Black "Adrian, Claude"]
[Result "1-0"]
[WhiteTitle "IM"]
[BlackTitle "IM"]
[WhiteElo "2462"]
[BlackElo "2274"]
[WhiteTeam "Metz Fischer"]
[BlackTeam "VANDOEUVRE-Echecs"]
[WhiteFideId "622591"]
[BlackFideId "601071"]
[EventDate "2018.05.26"]

1. d4 d5 2. c4 e6 3. Nc3 c5 4. cxd5 exd5 5. Nf3 Nc6 6. dxc5 Bxc5 7. Qxd5 Qb6 8.
e3 Nf6 9. Qb3 Qxb3 10. axb3 O-O 11. Be2 Be6 12. Bd1 Rfd8 13. O-O h6 14. Bd2 Bb4
15. Bc2 g5 16. Rfd1 g4 17. Ne1 Rd7 18. Nd3 Rad8 19. Be1 Bd6 20. Nb5 Bf5 21. Bc3
Ne4 22. Nd4 Bg6 23. Ne1 Bc5 24. Nxc6 bxc6 25. Rxd7 Rxd7 26. Rd1 Rxd1 27. Bxd1
Nxc3 28. bxc3 Bf5 29. Kf1 Bd6 30. g3 Be5 31. c4 c5 32. Bc2 Bd7 33. Nd3 Bd6 34.
e4 f6 35. Ke2 Kg7 36. Ke3 h5 37. Bd1 Kh6 38. f3 gxf3 39. Bxf3 Kg5 40. h4+ Kh6
41. Nf4 Be8 42. Bd1 Bf7 43. Kf3 Be5 44. Be2 Bd6 45. Bf1 a5 46. Ke3 Be5 47. Be2
Bd4+ 48. Kf3 Be5 49. Bf1 Bd4 50. Ng2 Be6 51. Ne3 Kg6 52. Bd3 Be5 53. Bc2 Kh6 54.
Bd1 Kg6 55. Be2 Kh6 56. Bf1 Kg6 57. Bg2 Kh6 58. Kf2 Bd4 59. Bf3 Kg6 60. Ke2 Be5
61. g4 hxg4 62. Bxg4 Bxg4+ 63. Nxg4 Kh5 64. Kf3 Kxh4 65. Ne3 Kg5 66. Nf5 Bc3 67.
Ng7 Kg6 68. Ne6 Bb4 69. Kg4 Ba3 70. Nd8 Bb4 71. Ne6 Ba3 72. Nf4+ Kf7 73. Kf5 Bb2
74. Nd3 Bd4 75. e5 fxe5 76. Nxe5+ Ke7 77. Nf3 Kd6 78. Ng5 Bg1 79. Ne4+ Kc6 80.
Ke6 Be3 81. Nc3 Bg1 82. Ne4 Bh2 83. Ng5 Bg1 84. Nf3 Bd4 85. Ne5+ Kb6 86. Kd5 a4
87. bxa4 Ka5 88. Nc6+ Kxa4 89. Nxd4 cxd4 90. Kxd4 1-0

[Event "TCh-FRA Top 12 2018"]
[Site "Brest FRA"]
[Date "2018.06.01"]
[Round "7.5"]
[Board "7"]
[White "Iglesias, Joachim"]
[Black "Todorov, Todor"]
[Result "1/2-1/2"]
[BlackTitle "GM"]
[WhiteElo "2249"]
[BlackElo "2477"]
[WhiteTeam "VANDOEUVRE-Echecs"]
[BlackTeam "Metz Fischer"]
[WhiteFideId "637823"]
[BlackFideId "2903237"]
[EventDate "2018.05.26"]

1. d4 g6 2. e4 Bg7 3. Nf3 d6 4. c3 Nf6 5. Bd3 O-O 6. O-O Nc6 7. Re1 e5 8. h3 b6
9. Qa4 Bb7 10. d5 Nb8 11. c4 Nbd7 12. Qd1 Ne8 13. Bg5 f6 14. Bd2 c5 15. Nc3 Rf7
16. Ne2 Nf8 17. g4 Bc8 18. Ng3 Bd7 19. Qc1 Nc7 20. Kh2 b5 21. b3 Rb8 22. Nh4
bxc4 23. bxc4 Na6 24. Rg1 Nb4 25. Bb1 Bc8 26. Nh5 gxh5 27. gxh5 h6 28. Bxh6 Kh7
29. Rg6 Rbb7 30. a3 Na6 31. Bc2 Rfe7 32. Bxg7 Rxg7 33. Qh6+ Kg8 34. Rag1 Nxg6
35. Nxg6 Kf7 36. Nxe5+ Kg8 37. Ng6 Kf7 38. Ne5+ Kg8 39. Ng6 Kf7 1/2-1/2

[Event "TCh-FRA Top 12 2018"]
[Site "Brest FRA"]
[Date "2018.06.01"]
[Round "7.5"]
[Board "8"]
[White "Monpeurt, Cyrielle"]
[Black "Steil-Antoni, Fiona"]
[Result "0-1"]
[WhiteTitle "WFM"]
[BlackTitle "WIM"]
[WhiteElo "2168"]
[BlackElo "2200"]
[WhiteTeam "Metz Fischer"]
[BlackTeam "VANDOEUVRE-Echecs"]
[WhiteFideId "677400"]
[BlackFideId "4001249"]
[EventDate "2018.05.26"]

1. e4 c6 2. d4 d5 3. Nc3 dxe4 4. Nxe4 Nf6 5. Nxf6+ exf6 6. Bc4 Bd6 7. Ne2 O-O 8.
O-O Qc7 9. h3 c5 10. d5 Nd7 11. Nc3 a6 12. a4 Ne5 13. Be2 Bf5 14. Be3 Rfe8 15.
Qd2 Qd7 16. f4 Ng6 17. Bd3 Bxd3 18. cxd3 Rac8 19. Kh1 Bf8 20. Qf2 b6 21. Rfc1
Ne7 22. a5 Nf5 23. Re1 b5 24. Qf3 Ne7 25. Bf2 Red8 26. d4 c4 27. d6 Qxd6 28. Ne4
Qc6 29. Rad1 f5 30. Ng5 h6 31. Qxc6 Nxc6 32. Nf3 Nxa5 33. d5 Nb3 34. Ne5 Bb4 35.
Nc6 Bxe1 36. Rxe1 Rd7 37. Ne7+ Rxe7 38. Rxe7 Rd8 39. Re5 f6 40. Rxf5 Rd6 41. Ba7
Kf7 42. Rh5 b4 43. Bb8 Ke7 0-1

[Event "TCh-FRA Top 12 2018"]
[Site "Brest FRA"]
[Date "2018.06.01"]
[Round "7.6"]
[Board "1"]
[White "Edouard, Romain"]
[Black "Navara, David"]
[Result "0-1"]
[WhiteTitle "GM"]
[BlackTitle "GM"]
[WhiteElo "2621"]
[BlackElo "2727"]
[WhiteTeam "BISCHWILLER"]
[BlackTeam "MULHOUSE Philidor"]
[WhiteFideId "633429"]
[BlackFideId "309095"]
[EventDate "2018.05.26"]

1. d4 Nf6 2. c4 e6 3. Nc3 Bb4 4. Nf3 b6 5. Bd2 Bb7 6. g3 c5 7. dxc5 Bxc5 8. Bg2
O-O 9. O-O d5 10. cxd5 Nxd5 11. Qc2 Nf6 12. Rad1 Nbd7 13. Bf4 Rc8 14. Ne5 Bxg2
15. Kxg2 Qe7 16. Nxd7 Nxd7 17. Qd3 Nf6 18. Qf3 Rfd8 19. Bg5 Bd4 20. Rd3 h6 21.
Bxf6 Bxf6 22. Rfd1 Bxc3 23. bxc3 Rxd3 24. Rxd3 g6 25. Qf4 Kg7 26. Qa4 Rc7 27.
Qe4 Rc5 28. Qa8 Qc7 29. e4 Qc6 30. Qxc6 Rxc6 31. Rd7 a6 32. Rd3 b5 33. f3 Rc4
34. h4 g5 35. hxg5 hxg5 36. Kh3 Kg6 37. Re3 Ra4 38. Re2 Ra3 39. Rc2 Kh5 40. g4+
Kg6 41. Kg3 Kf6 42. c4 b4 43. Kf2 Ke7 44. c5 Kd7 45. c6+ Kc7 46. Ke2 a5 47. Kf2
a4 48. Ke2 b3 49. axb3 axb3 50. Rc5 Ra6 51. Kd2 Rb6 0-1

[Event "TCh-FRA Top 12 2018"]
[Site "Brest FRA"]
[Date "2018.06.01"]
[Round "7.6"]
[Board "2"]
[White "Bluebaum, Matthias"]
[Black "Ragger, Markus"]
[Result "0-1"]
[WhiteTitle "GM"]
[BlackTitle "GM"]
[WhiteElo "2633"]
[BlackElo "2672"]
[WhiteTeam "MULHOUSE Philidor"]
[BlackTeam "BISCHWILLER"]
[WhiteFideId "24651516"]
[BlackFideId "1610856"]
[EventDate "2018.05.26"]

1. d4 Nf6 2. c4 g6 3. Nc3 d5 4. Nf3 Bg7 5. h3 O-O 6. cxd5 Nxd5 7. e4 Nxc3 8.
bxc3 c5 9. Be2 b6 10. Be3 Bb7 11. Qd3 cxd4 12. cxd4 Ba6 13. Qc2 Qd7 14. Bxa6
Nxa6 15. O-O Rac8 16. Qb3 Qb7 17. Rfe1 Nc7 18. Rac1 Qxe4 19. Bd2 Qd5 20. Rxe7
Qxb3 21. axb3 Nb5 22. Rxc8 Rxc8 23. Rd7 Bf6 24. Ne5 Rc7 25. Ng4 Be7 26. Rd5 a6
27. Bf4 Rb7 28. Re5 h5 29. Nh2 Nxd4 30. Re3 Rd7 31. Nf3 Ne6 32. Be5 Rd1+ 33. Kh2
Bc5 34. Re2 Rd3 35. Rb2 a5 36. Ne1 Rd5 37. Bc3 Rd1 38. Nf3 Rd3 39. Be1 Rd1 40.
Bc3 g5 41. Bf6 Rd5 42. Kh1 g4 43. hxg4 hxg4 44. Ne5 Bd6 45. Re2 Nc5 46. f4 g3
47. Re1 Nxb3 48. f5 Rc5 49. Nd7 Rc1 50. Rxc1 Nxc1 51. Nxb6 Nd3 52. Nc4 Bc5 53.
Bh4 Nf2+ 54. Kg1 Ne4+ 55. Kf1 a4 56. Ke2 a3 57. Nxa3 Bxa3 58. Kf3 Nd6 59. Kg4
Nc4 60. Bxg3 Ne3+ 61. Kg5 Nxg2 62. Bf2 Bc1+ 0-1

[Event "TCh-FRA Top 12 2018"]
[Site "Brest FRA"]
[Date "2018.06.01"]
[Round "7.6"]
[Board "3"]
[White "Rodshtein, Maxim"]
[Black "Gledura, Benjamin"]
[Result "1/2-1/2"]
[WhiteTitle "GM"]
[BlackTitle "GM"]
[WhiteElo "2678"]
[BlackElo "2615"]
[WhiteTeam "BISCHWILLER"]
[BlackTeam "MULHOUSE Philidor"]
[WhiteFideId "2806851"]
[BlackFideId "712779"]
[EventDate "2018.05.26"]

1. d4 Nf6 2. c4 g6 3. g3 c6 4. Bg2 d5 5. Nd2 Bg7 6. b3 O-O 7. Bb2 a5 8. e3 a4 9.
Ne2 axb3 10. axb3 Na6 11. O-O Bf5 12. Nf3 Ne4 13. Nh4 Bd7 14. Nc3 Nxc3 15. Bxc3
Be6 16. Qe2 Qd7 17. Ra5 Nc7 18. Rfa1 Rxa5 19. Rxa5 Ra8 20. Rxa8+ Nxa8 21. Qa2
Nc7 22. Qa7 Qc8 23. Bf1 Ne8 24. Bb4 Nd6 25. Bxd6 exd6 26. Nf3 h6 27. Nd2 c5 28.
cxd5 1/2-1/2

[Event "TCh-FRA Top 12 2018"]
[Site "Brest FRA"]
[Date "2018.06.01"]
[Round "7.6"]
[Board "4"]
[White "Sokolov, Andrei1"]
[Black "Naiditsch, Arkadij"]
[Result "1-0"]
[WhiteTitle "GM"]
[BlackTitle "GM"]
[WhiteElo "2489"]
[BlackElo "2697"]
[WhiteTeam "MULHOUSE Philidor"]
[BlackTeam "BISCHWILLER"]
[WhiteFideId "627089"]
[BlackFideId "4650891"]
[EventDate "2018.05.26"]

1. e4 c5 2. Nf3 Nc6 3. d4 cxd4 4. Nxd4 Qb6 5. Nb3 Nf6 6. Nc3 e6 7. a3 Qc7 8. f4
d6 9. g4 a6 10. Bg2 b5 11. g5 Nd7 12. O-O g6 13. Nd4 Bb7 14. Be3 Na5 15. f5 e5
16. fxg6 hxg6 17. Nd5 Bxd5 18. Nxb5 axb5 19. Qxd5 Ra6 20. Qxf7+ Kd8 21. Qxg6 Nc4
22. Bf2 Rc6 23. Qf7 Nd2 24. g6 Nxf1 25. g7 Bxg7 26. Qxg7 Re8 27. Rxf1 Rxc2 28.
Bh4+ Kc8 29. Bh3 Qc5+ 30. Rf2 Rd8 31. Qg5 Re8 32. Qg7 Rc1+ 33. Kg2 Qc6 34. Bf5
Rc4 35. Qf7 Rh8 36. Bf6 Rd8 37. Bxd8 Kxd8 38. Qg8+ Kc7 39. Qh7 1-0

[Event "TCh-FRA Top 12 2018"]
[Site "Brest FRA"]
[Date "2018.06.01"]
[Round "7.6"]
[Board "5"]
[White "Bacrot, Etienne"]
[Black "Istratescu, Andrei"]
[Result "1/2-1/2"]
[WhiteTitle "GM"]
[BlackTitle "GM"]
[WhiteElo "2714"]
[BlackElo "2589"]
[WhiteTeam "BISCHWILLER"]
[BlackTeam "MULHOUSE Philidor"]
[WhiteFideId "605506"]
[BlackFideId "1200372"]
[EventDate "2018.05.26"]

1. e4 c6 2. d4 d5 3. exd5 cxd5 4. Bd3 Nc6 5. c3 Nf6 6. Bf4 Bg4 7. Qb3 e5 8. h3
Na5 9. Qc2 exf4 10. hxg4 Nxg4 11. Qe2+ Qe7 12. Nh3 f3 13. Qxe7+ Bxe7 14. g3 Nc4
15. Bxc4 dxc4 16. Nd2 Rc8 17. Nxf3 h6 18. a4 Kd7 19. O-O g5 20. Rfe1 b6 21. Kg2
f6 22. Nd2 1/2-1/2

[Event "TCh-FRA Top 12 2018"]
[Site "Brest FRA"]
[Date "2018.06.01"]
[Round "7.6"]
[Board "7"]
[White "Maze, Sebastien"]
[Black "Gatineau, Yovann"]
[Result "1-0"]
[WhiteTitle "GM"]
[BlackTitle "FM"]
[WhiteElo "2615"]
[BlackElo "2367"]
[WhiteTeam "BISCHWILLER"]
[BlackTeam "MULHOUSE Philidor"]
[WhiteFideId "613762"]
[BlackFideId "26028999"]
[EventDate "2018.05.26"]

1. e4 c5 2. Nc3 Nc6 3. Bb5 Nd4 4. Nf3 e6 5. O-O Nxf3+ 6. Qxf3 Qc7 7. Re1 Bd6 8.
g3 Nf6 9. Bf1 a6 10. Bg2 O-O 11. Qe2 Be5 12. f4 Bd4+ 13. Kh1 d6 14. d3 c4 15.
dxc4 Bxc3 16. bxc3 e5 17. Ba3 Rd8 18. f5 b5 19. g4 Bb7 20. g5 Nd7 21. cxb5 Qxc3
22. Qf3 Qd2 23. g6 fxg6 24. Qb3+ Kh8 25. Rad1 Qf4 26. bxa6 Bxa6 27. Bxd6 Nf6 28.
Qg3 Qxg3 29. hxg3 Bb7 30. fxg6 hxg6 31. Bxe5 Rxd1 32. Rxd1 Ng4 33. Bd4 Rxa2 34.
Bf3 Rxc2 35. Bxg4 Bxe4+ 36. Kg1 Rg2+ 37. Kf1 Rxg3 38. Be2 g5 39. Be5 Ra3 40. Rd7
Kh7 41. Bxg7 Kg6 42. Bb2 Rb3 43. Rd6+ Kh7 44. Bf6 Rb1+ 45. Kf2 Rc1 46. Bxg5 Rc6
47. Rd4 Kg6 48. Be3 Rf6+ 49. Kg3 Bf5 50. Rh4 Re6 51. Bh5+ Kf6 52. Bd4+ Ke7 53.
Kf4 Bg6 54. Bf3 Ra6 55. Kg5 Bf7 56. Bc5+ Kd7 57. Rh7 Ke8 58. Bg4 Bb3 59. Rh8+
Kf7 60. Bh5+ 1-0

[Event "TCh-FRA Top 12 2018"]
[Site "Brest FRA"]
[Date "2018.06.01"]
[Round "7.6"]
[Board "8"]
[White "Haussernot, Cecile"]
[Black "Maisuradze, Nino"]
[Result "0-1"]
[WhiteTitle "WIM"]
[BlackTitle "WGM"]
[WhiteElo "2189"]
[BlackElo "2172"]
[WhiteTeam "MULHOUSE Philidor"]
[BlackTeam "BISCHWILLER"]
[WhiteFideId "601632"]
[BlackFideId "13601717"]
[EventDate "2018.05.26"]

1. e4 c5 2. Nf3 e6 3. d4 cxd4 4. Nxd4 Nf6 5. Bd3 Nc6 6. Nxc6 bxc6 7. O-O d5 8.
Nc3 Be7 9. Re1 O-O 10. e5 Nd7 11. Qg4 f5 12. exf6 Nxf6 13. Qg3 Bd6 14. Qh4 e5
15. Bg5 e4 16. Rxe4 dxe4 17. Nxe4 Be6 18. Re1 Rf7 19. Nxf6+ gxf6 20. Rxe6 fxg5
21. Qc4 Qc7 22. g3 Rd8 23. Rf6 Kg7 24. Re6 Qb6 25. Qc3+ Kg8 26. Bc4 Qxf2+ 27.
Kh1 Bc5 28. Re1 Bd4 29. Bxf7+ Qxf7 30. Qxc6 Bxb2 31. c3 Qd5+ 32. Qxd5+ Rxd5 33.
Re7 a5 34. Rc7 Ba3 35. Kg2 Rc5 36. Ra7 Bb2 37. c4 Bc3 38. Kf3 Rxc4 0-1

[Event "TCh-FRA Top 12 2018"]
[Site "Brest FRA"]
[Date "2018.06.02"]
[Round "8.1"]
[Board "1"]
[White "Riazantsev, Alexander"]
[Black "Kryvoruchko, Yuriy"]
[Result "1/2-1/2"]
[WhiteTitle "GM"]
[BlackTitle "GM"]
[WhiteElo "2662"]
[BlackElo "2705"]
[WhiteTeam "Metz Fischer"]
[BlackTeam "GRASSE Echecs"]
[WhiteFideId "4125029"]
[BlackFideId "14109182"]
[EventDate "2018.05.26"]

1. d4 Nf6 2. c4 e6 3. Nc3 Bb4 4. e3 O-O 5. Bd3 d5 6. Nf3 b6 7. O-O Bb7 8. cxd5
exd5 9. a3 Bd6 10. b4 Nbd7 11. Qb3 a6 12. a4 c6 13. e4 dxe4 14. Nxe4 Nxe4 15.
Bxe4 h6 16. Re1 Qc7 17. Bd2 1/2-1/2

[Event "TCh-FRA Top 12 2018"]
[Site "Brest FRA"]
[Date "2018.06.02"]
[Round "8.1"]
[Board "2"]
[White "Kuzubov, Yuriy"]
[Black "Balogh, Csaba"]
[Result "1-0"]
[WhiteTitle "GM"]
[BlackTitle "GM"]
[WhiteElo "2663"]
[BlackElo "2628"]
[WhiteTeam "GRASSE Echecs"]
[BlackTeam "Metz Fischer"]
[WhiteFideId "14112906"]
[BlackFideId "718939"]
[EventDate "2018.05.26"]

1. e4 e5 2. Nf3 Nc6 3. Bb5 Nf6 4. O-O Nxe4 5. Re1 Nd6 6. Nxe5 Be7 7. Bf1 Nxe5 8.
Rxe5 O-O 9. d4 Ne8 10. d5 Bc5 11. Re1 Qh4 12. Be3 Bxe3 13. Rxe3 d6 14. Nc3 Bd7
15. Re4 Qd8 16. Qd4 Nf6 17. Re2 Re8 18. Rae1 Rxe2 19. Rxe2 a6 20. h3 Qb8 21. g4
h6 22. Ne4 Nxe4 23. Rxe4 c5 24. dxc6 bxc6 25. Re3 d5 26. c4 Be6 27. c5 a5 28.
Rb3 Qc7 29. f4 Re8 30. Re3 Qb8 31. Bd3 Kf8 32. a3 Bd7 33. Kf2 Qb3 34. Rxe8+ Kxe8
35. Qe5+ Kd8 36. Ke2 f6 37. Qd4 Ke7 38. Kd2 g5 39. f5 Qb8 40. Qe3+ Kf7 41. Kc3
Qh2 42. Be2 h5 43. b4 axb4+ 44. axb4 h4 45. Kd2 Qc7 46. Kc3 Qh2 47. b5 cxb5 48.
Kd4 Kf8 49. Kxd5 Qc7 50. Kd4 Qa5 51. Bf3 Qa2 52. Kd3 Qc4+ 53. Kd2 Qa2+ 54. Ke1
Qb1+ 55. Kf2 Qc2+ 56. Kg1 Qb1+ 57. Kf2 Qc2+ 58. Ke1 Qb1+ 59. Ke2 Qb2+ 60. Qd2
Qe5+ 61. Kf1 Ke7 62. c6 Bc8 63. Qb4+ Ke8 64. Kf2 Kd8 65. Qa5+ Ke8 66. Qa7 Qb2+
67. Be2 Qe5 68. Qe3 b4 69. Qxe5+ fxe5 70. Bc4 Ke7 71. Ke3 b3 72. Bxb3 Ba6 73.
Ke4 Kd6 74. f6 Bb5 75. c7 1-0

[Event "TCh-FRA Top 12 2018"]
[Site "Brest FRA"]
[Date "2018.06.02"]
[Round "8.1"]
[Board "3"]
[White "Safarli, Eltaj"]
[Black "Hera, Imre Jr."]
[Result "1-0"]
[WhiteTitle "GM"]
[BlackTitle "GM"]
[WhiteElo "2657"]
[BlackElo "2620"]
[WhiteTeam "Metz Fischer"]
[BlackTeam "GRASSE Echecs"]
[WhiteFideId "13402129"]
[BlackFideId "716855"]
[EventDate "2018.05.26"]

1. e4 d5 2. exd5 Qxd5 3. Nc3 Qd6 4. d4 Nf6 5. Nf3 c6 6. Ne5 Nbd7 7. f4 Nb6 8. g4
g6 9. Bg2 Bg7 10. O-O O-O 11. f5 Rd8 12. Ne2 Nfd7 13. Nxf7 Kxf7 14. Bf4 Qb4 15.
c3 Qxb2 16. fxg6+ Kg8 17. gxh7+ Kh8 18. Bc7 Re8 19. Qd3 Nf8 20. Nf4 Bxg4 21. Qg3
e5 22. Bxe5 Rxe5 23. dxe5 Bf5 24. Nh5 Ne6 25. Rae1 Qc2 26. Rf2 Qd3 27. Rf3 Qc2
28. Rf2 Qd3 29. Rf3 Qc2 30. Ref1 Bxh7 31. Nxg7 Rg8 32. Nxe6 Rxg3 33. Rxg3 Nd7
34. Ng5 Nxe5 35. Rh3 Kg8 36. Nxh7 Ng4 37. Rg3 Kxh7 38. Rxg4 Qxc3 39. Be4+ Kh6
40. Rg6+ Kh5 41. Rf5+ Kh4 42. Rh6+ Kg4 43. h3+ 1-0

[Event "TCh-FRA Top 12 2018"]
[Site "Brest FRA"]
[Date "2018.06.02"]
[Round "8.1"]
[Board "5"]
[White "Koch, Jean-Rene"]
[Black "Wirig, Anthony"]
[Result "1/2-1/2"]
[WhiteTitle "IM"]
[BlackTitle "GM"]
[WhiteElo "2454"]
[BlackElo "2504"]
[WhiteTeam "Metz Fischer"]
[BlackTeam "GRASSE Echecs"]
[WhiteFideId "600148"]
[BlackFideId "615013"]
[EventDate "2018.05.26"]

1. c4 e5 2. g3 Nf6 3. Bg2 c6 4. Nc3 d5 5. d4 e4 6. cxd5 cxd5 7. Bg5 Bb4 8. Rc1
Nbd7 9. Nh3 h6 10. Bxf6 Bxc3+ 11. Rxc3 Nxf6 12. e3 O-O 13. Nf4 Bg4 14. Qd2 g5
15. Ne2 Bf3 16. O-O Qd7 17. h3 Rac8 18. Rfc1 Rxc3 19. Rxc3 Rc8 20. Rxc8+ Qxc8
21. Qc3 Qd7 22. Qc2 Bxe2 1/2-1/2

[Event "TCh-FRA Top 12 2018"]
[Site "Brest FRA"]
[Date "2018.06.02"]
[Round "8.1"]
[Board "6"]
[White "Sebag, Marie"]
[Black "Todorov, Todor"]
[Result "1/2-1/2"]
[WhiteTitle "GM"]
[BlackTitle "GM"]
[WhiteElo "2486"]
[BlackElo "2477"]
[WhiteTeam "GRASSE Echecs"]
[BlackTeam "Metz Fischer"]
[WhiteFideId "617822"]
[BlackFideId "2903237"]
[EventDate "2018.05.26"]

1. e4 e5 2. Nf3 Nc6 3. Bb5 g6 4. d4 exd4 5. Bg5 Be7 6. Bxe7 Qxe7 7. Bxc6 dxc6 8.
Qxd4 Nf6 9. Nc3 Bg4 10. Nd2 c5 11. Qe3 Be6 12. O-O-O O-O-O 13. f3 Nd7 14. f4
Rhe8 15. Rhe1 f6 16. Nf3 1/2-1/2